| 000 | 00335nam a22001337a 4500 | ||
|---|---|---|---|
| 020 | _qHB. | ||
| 040 | _cFIZZA ISHAQ | ||
| 082 |
_a686.2 _bMAR |
||
| 100 |
_aSADD,H.MARTIN. _991679 |
||
| 245 |
_aELASTICITY THEORY APPLICATIONS AND NUMERICS / _cMARTIN H.SADD. |
||
| 260 |
_aELSEVIER ; _c2014 P. ; |
||
| 300 | _a582 P. ; | ||
| 942 |
_2ddc _cBK |
||
| 999 |
_c589828 _d589828 |
||